[Event "Olimpiada Calviá 2004"]
[Site "Calviá ESP"]
[Date "2004.10.24"]
[Round "9.39"]
[White "Gluckman, Jonathan"]
[Black "Hussein, Noah A"]
[Result "1/2-1/2"]
[WhiteElo "2194"]
[BlackElo "2349"]
[PlyCount "97"]
[EventDate "2004.10.15"]
[EventType "team"]
[EventRounds "14"]
[EventCountry "ESP"]
[Source "lmi"]
[SourceDate "2004.10.27"]

1. e4 c5 2. c3 Nf6 3. e5 Nd5 4. d4 cxd4 5. cxd4 d6 6. exd6 Qxd6 7. Nc3 Nc6 8.
Bb5 Nxc3 9. bxc3 Qd5 10. Be2 e5 11. Nf3 exd4 12. O-O Bd6 13. a4 O-O 14. Rb1 a6
15. cxd4 Rb8 16. Be3 Bf5 17. Bd3 Nb4 18. Bxf5 Qxf5 19. Rb3 b5 20. axb5 Rxb5 21.
Bd2 a5 22. Bxb4 Bxb4 23. Ne5 Qe4 24. Re3 Qd5 25. Qg4 f5 26. Qh4 Rb6 27. Rg3 f4
28. Rg5 h6 29. Rg6 Rxg6 30. Nxg6 Rf6 31. Ne5 Qxd4 32. Ng4 Rf5 33. Ne3 Rg5 34.
Rd1 Qe4 35. Ng4 Be7 36. f3 Qc2 37. Qe1 h5 38. Rc1 Bc5+ 39. Kh1 Qa2 40. Qe8+ Kh7
41. h4 Rf5 42. Ne5 Qd2 43. Qg6+ Kg8 44. Qe6+ Kh8 45. Ng6+ Kh7 46. Rxc5 Rxc5 47.
Nf8+ Kh8 48. Ng6+ Kh7 49. Nf8+ 1/2-1/2

[Event "Olimpiada Calviá 2004"]
[Site "Calviá ESP"]
[Date "2004.10.24"]
[Round "9.40"]
[White "Pinheiro, Jose"]
[Black "Montalvo, Alejandro"]
[Result "1-0"]
[WhiteElo "2310"]
[BlackElo "2240"]
[PlyCount "71"]
[EventDate "2004.10.15"]
[EventType "team"]
[EventRounds "14"]
[EventCountry "ESP"]
[Source "lmi"]
[SourceDate "2004.10.27"]

1. c4 g6 2. Nf3 Bg7 3. g3 e5 4. Nc3 Nc6 5. Bg2 d6 6. d3 f5 7. Bg5 Nf6 8. Rb1 a5
9. a3 h6 10. Bxf6 Bxf6 11. Nd5 O-O 12. O-O Bg7 13. b4 axb4 14. axb4 g5 15. b5
Ne7 16. Nd2 Nxd5 17. cxd5 b6 18. Qc2 Bd7 19. Rfc1 Ra7 20. e4 f4 21. Ra1 Rxa1
22. Rxa1 Rf7 23. Ra7 fxg3 24. hxg3 Qf6 25. Nf1 Bxb5 26. Ne3 Bxd3 27. Qd2 h5 28.
Nf5 Bb5 29. Qc2 c5 30. dxc6 Rxa7 31. Qb3+ Qf7 32. Qxb5 Qc7 33. Bf1 Ra5 34. Qc4+
Kh7 35. Qe6 Ra1 36. Ne7 1-0

[Event "Olimpiada Calviá 2004"]
[Site "Calviá ESP"]
[Date "2004.10.24"]
[Round "9.40"]
[White "Santa Torres, Juan"]
[Black "Vitor, Antonio"]
[Result "1/2-1/2"]
[WhiteElo "2229"]
[BlackElo "2319"]
[PlyCount "219"]
[EventDate "2004.10.15"]
[EventType "team"]
[EventRounds "14"]
[EventCountry "ESP"]
[Source "lmi"]
[SourceDate "2004.10.27"]

1. d4 Nf6 2. c4 e6 3. Nf3 b6 4. a3 Ba6 5. Qc2 Bb7 6. Nc3 c5 7. dxc5 bxc5 8. Bg5
Be7 9. e3 d6 10. Rd1 Nbd7 11. Be2 Qb6 12. h3 O-O 13. O-O Rfe8 14. Rd2 Rad8 15.
Rfd1 a6 16. Bh4 Nf8 17. Bg3 Rd7 18. Ne1 Red8 19. Bf3 Ne8 20. Na4 Qa7 21. b4
cxb4 22. axb4 Rc8 23. Qb3 Bxf3 24. Nxf3 Rb7 25. Nd4 Nd7 26. b5 Nc5 27. Nxc5
dxc5 28. Nc6 Rxc6 29. Rd8 Bxd8 30. Rxd8 Kf8 31. bxc6 Rxb3 32. Bd6+ Qe7 33.
Bxe7+ Kxe7 34. Rd7+ Kf6 35. c7 Nxc7 36. Rxc7 a5 37. Rxc5 a4 38. Ra5 a3 39. g3
g5 40. Kg2 h5 41. h4 gxh4 42. gxh4 e5 43. Ra6+ Kf5 44. Kf3 Rc3 45. c5 f6 46. c6
Rc4 47. Rxa3 Rxc6 48. e4+ Kg6 49. Kg3 Rc1 50. Kg2 Re1 51. Ra4 Rd1 52. Rb4 Rd3
53. Ra4 Rd8 54. Ra3 Rd4 55. Kf3 Rd6 56. Kg2 Rd7 57. Rb3 Kh6 58. Rb6 Rg7+ 59.
Kh3 Kg6 60. Ra6 Rg8 61. Ra7 Rd8 62. Kg2 Rd6 63. Rb7 f5 64. exf5+ Kxf5 65. Rh7
Kg4 66. Re7 Rd5 67. Rg7+ Kxh4 68. Kf3 Rd4 69. Re7 Rf4+ 70. Kg2 Rf5 71. Re8 Kg4
72. Ra8 h4 73. Ra3 Rf4 74. Re3 Kf5 75. f3 Ke6 76. Kh3 Kd5 77. Rd3+ Kc4 78. Ra3
Kd4 79. Rb3 Kd5 80. Ra3 Ke6 81. Rb3 Kf5 82. Ra3 Rb4 83. Rc3 Kf4 84. Kxh4 Rb2
85. Kh3 Rf2 86. Rc5 Rxf3+ 87. Kg2 e4 88. Rc2 Ke3 89. Rc3+ Ke2 90. Rc2+ Kd3 91.
Ra2 Rf8 92. Ra3+ Kc4 93. Ra4+ Kd5 94. Ra5+ Kd4 95. Ra4+ Ke5 96. Ra5+ Kf4 97.
Kf2 Rh8 98. Ra3 Rh2+ 99. Kg1 Re2 100. Kf1 Re3 101. Ra2 Rh3 102. Kg2 Rg3+ 103.
Kf2 e3+ 104. Kf1 Kf3 105. Rh2 Rg8 106. Rh3+ Ke4 107. Rh7 Rc8 108. Ke1 Kf3 109.
Rh3+ Kf4 110. Ke2 1/2-1/2

[Event "Olimpiada Calviá 2004"]
[Site "Calviá ESP"]
[Date "2004.10.24"]
[Round "9.40"]
[White "Costa, Joao Guerra"]
[Black "Santa Torres, Luis A"]
[Result "0-1"]
[WhiteElo "2284"]
[BlackElo "2196"]
[PlyCount "100"]
[EventDate "2004.10.15"]
[EventType "team"]
[EventRounds "14"]
[EventCountry "ESP"]
[Source "lmi"]
[SourceDate "2004.10.27"]

1. e4 e6 2. d4 d5 3. Nc3 Nf6 4. Bg5 dxe4 5. Nxe4 Be7 6. Bxf6 gxf6 7. Nf3 b6 8.
Bb5+ c6 9. Bd3 Bb7 10. Qe2 Qc7 11. O-O-O Nd7 12. Kb1 O-O-O 13. Ba6 Rhg8 14. Ng3
Nf8 15. Bxb7+ Kxb7 16. Qe3 Ng6 17. Ne2 Bd6 18. g3 h5 19. Nd2 h4 20. Ne4 f5 21.
Nxd6+ Qxd6 22. f4 hxg3 23. hxg3 Rh8 24. c4 Rxh1 25. Rxh1 Rh8 26. Rxh8 Nxh8 27.
a3 Ng6 28. Nc3 Ne7 29. Kc2 Ng8 30. Kd3 Nf6 31. Qf3 a6 32. b4 Kc7 33. c5 bxc5
34. bxc5 Qd8 35. Qe2 Nd5 36. Na4 Qb8 37. Kc2 Qb5 38. Qxb5 cxb5 39. Nc3 Kc6 40.
Kd3 Nf6 41. Ke3 Nd5+ 42. Nxd5 Kxd5 43. Kd3 a5 44. Kc3 f6 45. Kd3 e5 46. fxe5
fxe5 47. dxe5 Kxe5 48. c6 Kd6 49. c7 Kxc7 50. Kd4 Kd6 0-1

[Event "Olimpiada Calviá 2004"]
[Site "Calviá ESP"]
[Date "2004.10.24"]
[Round "9.41"]
[White "Canda, Danilo"]
[Black "Aderito, Pedro"]
[Result "0-1"]
[WhiteElo "2335"]
[BlackElo "2262"]
[PlyCount "98"]
[EventDate "2004.10.15"]
[EventType "team"]
[EventRounds "14"]
[EventCountry "ESP"]
[Source "lmi"]
[SourceDate "2004.10.27"]

1. e4 e6 2. d4 d5 3. Nd2 Nf6 4. e5 Nfd7 5. f4 c5 6. c3 Nc6 7. Ndf3 Qb6 8. g3
Be7 9. Nh3 a5 10. Be2 Ndb8 11. O-O cxd4 12. Kh1 dxc3 13. bxc3 Na6 14. Bd3 g6
15. Rb1 Qc7 16. Nf2 Nc5 17. Bc2 b6 18. Nd4 Ba6 19. Nb5 Bxb5 20. Rxb5 O-O 21.
Be3 d4 22. cxd4 Nxd4 23. Qxd4 Qc6+ 24. Kg1 Qxb5 25. Rb1 Qe2 26. Qc3 Rac8 27.
Re1 Qb5 28. Rb1 Qe2 29. Re1 Qa6 30. Qb2 b5 31. h4 Qc6 32. Qb1 Qf3 33. Kh2 b4
34. Bd1 Qd5 35. Bxc5 Qxc5 36. Ne4 Qc1 37. Qd3 Rfd8 38. Qe2 Rd4 39. Kh3 Rcd8 40.
Ba4 Kg7 41. Kh2 Qc3 42. Kh3 h5 43. Kh2 Qa3 44. Qc2 Qf3 45. Qe2 Rxe4 46. Qxf3
Rd2+ 47. Kh3 Rxe1 48. Bb5 Bc5 49. Bf1 Rf2 0-1

[Event "Olimpiada Calviá 2004"]
[Site "Calviá ESP"]
[Date "2004.10.24"]
[Round "9.41"]
[White "Agnelo, Amorin"]
[Black "Davila, Carlos"]
[Result "0-1"]
[WhiteElo "2227"]
[BlackElo "2339"]
[PlyCount "102"]
[EventDate "2004.10.15"]
[EventType "team"]
[EventRounds "14"]
[EventCountry "ESP"]
[Source "lmi"]
[SourceDate "2004.10.27"]

1. d4 Nf6 2. c4 c5 3. Nf3 cxd4 4. Nxd4 a6 5. Nc3 e6 6. e3 Nc6 7. Be2 d5 8. cxd5
exd5 9. O-O Bd6 10. Bf3 O-O 11. h3 Bc7 12. Be2 Qd6 13. f4 Re8 14. Bf3 Be6 15.
Nce2 Bd7 16. Qd3 Rad8 17. a3 Ne4 18. Bxe4 dxe4 19. Qc2 Rc8 20. Rd1 Qg6 21. Nxc6
Bxh3 22. Ned4 bxc6 23. b4 Bb6 24. Bb2 c5 25. bxc5 Rxc5 26. Qf2 Bg4 27. Rdc1
Rec8 28. Rxc5 Rxc5 29. Rc1 Rxc1+ 30. Bxc1 h5 31. Bb2 Kh7 32. Kh2 Qd6 33. Qc2
Qd5 34. Qc3 f6 35. Qb4 Ba5 36. Qe7 Bd2 37. Nc2 Qf5 38. Qd6 Qd7 39. Qd4 Qxd4 40.
Bxd4 a5 41. a4 Bd1 42. Na3 Bb4 43. Nc4 Bb3 44. Nb2 Kg6 45. Kh3 Kf5 46. Kh2 g5
47. fxg5 fxg5 48. Kg1 h4 49. Kf2 g4 50. Kg1 g3 51. Kf1 Bd6 0-1

[Event "Olimpiada Calviá 2004"]
[Site "Calviá ESP"]
[Date "2004.10.24"]
[Round "9.42"]
[White "Juarez Flores, Carlos A"]
[Black "Dominguez, Jose M"]
[Result "1/2-1/2"]
[WhiteElo "2391"]
[BlackElo "2353"]
[PlyCount "149"]
[EventDate "2004.10.15"]
[EventType "team"]
[EventRounds "14"]
[EventCountry "ESP"]
[Source "lmi"]
[SourceDate "2004.10.27"]

1. e4 e5 2. Nf3 Qe7 3. Bc4 d6 4. d3 Bg4 5. h3 Bh5 6. Nc3 c6 7. g4 Bg6 8. Bg5
Qc7 9. Qd2 Nd7 10. a4 Ngf6 11. Nh4 Be7 12. Nf5 Bf8 13. f3 O-O-O 14. a5 Kb8 15.
Qf2 Bxf5 16. gxf5 d5 17. exd5 Bc5 18. Qd2 h6 19. Bh4 g5 20. fxg6 fxg6 21. a6 g5
22. Bf2 b5 23. Bb3 b4 24. Ne4 Bxf2+ 25. Nxf2 Nxd5 26. Bxd5 cxd5 27. Qxb4+ Nb6
28. Qc3 Qd6 29. Qa3 Qf6 30. O-O Qf4 31. Kg2 Rhf8 32. Ng4 h5 33. Qe7 Rd7 34.
Qxe5+ Rc7 35. Qxf4 gxf4 36. Ne5 Rg8+ 37. Kh1 Rxc2 38. Rg1 Rg3 39. Rxg3 fxg3 40.
b4 d4 41. Ra5 h4 42. Rc5 Rxc5 43. bxc5 Na4 44. Nc6+ Ka8 45. f4 Nxc5 46. f5 Nxd3
47. f6 Nf4 48. f7 Ng6 49. Nxd4 Nf8 50. Nc6 Ng6 51. Kg2 Nf8 52. Kf3 Ng6 53. Ke2
Nf8 54. Kf1 Ng6 55. Kg1 Nf8 56. Kg2 Ng6 57. Ne7 Nf8 58. Nf5 Kb8 59. Nxh4 Kc7
60. Kxg3 Kd6 61. Nf5+ Ke6 62. Nh6 Kf6 63. Kf4 Kg7 64. Kg5 Nh7+ 65. Kh5 Nf6+ 66.
Kg5 Nh7+ 67. Kf5 Kxh6 68. Ke6 Kg7 69. Ke7 Nf8 70. h4 Ng6+ 71. Ke8 Nf8 72. h5
Nh7 73. h6+ Kxh6 74. Kd8 Kg7 75. Kc7 1/2-1/2

[Event "Olimpiada Calviá 2004"]
[Site "Calviá ESP"]
[Date "2004.10.24"]
[Round "9.42"]
[White "Alvarado, Nelson"]
[Black "Reyes Najera, Carlos A"]
[Result "1-0"]
[WhiteElo "2290"]
[BlackElo "2186"]
[PlyCount "69"]
[EventDate "2004.10.15"]
[EventType "team"]
[EventRounds "14"]
[EventCountry "ESP"]
[Source "lmi"]
[SourceDate "2004.10.27"]

1. e4 c5 2. c3 Qa5 3. Na3 d6 4. Nf3 Nc6 5. Nc4 Qd8 6. d4 cxd4 7. cxd4 Nf6 8. d5
Nb8 9. Bd3 g6 10. Be3 Bg7 11. O-O O-O 12. Rc1 Na6 13. Bb1 Bg4 14. h3 Bxf3 15.
Qxf3 Qd7 16. a3 Rfc8 17. b4 b6 18. Na5 Rxc1 19. Rxc1 Nc7 20. Bd3 Nfe8 21. Qe2
e6 22. dxe6 fxe6 23. Nb3 Qa4 24. Qa2 Qd7 25. Qc2 Nb5 26. Bxb5 Qxb5 27. Qc6 Qxc6
28. Rxc6 d5 29. Rxe6 d4 30. Bg5 h6 31. Bd2 Kf7 32. Rc6 Nf6 33. Rc7+ Kg8 34.
Nxd4 Ne8 35. Rd7 1-0

[Event "Olimpiada Calviá 2004"]
[Site "Calviá ESP"]
[Date "2004.10.24"]
[Round "9.42"]
[White "Figueroa, Marco"]
[Black "Puntier, William"]
[Result "1-0"]
[WhiteElo "2126"]
[BlackElo "2255"]
[PlyCount "65"]
[EventDate "2004.10.15"]
[EventType "team"]
[EventRounds "14"]
[EventCountry "ESP"]
[Source "lmi"]
[SourceDate "2004.10.27"]

1. e4 e5 2. Nf3 d6 3. d4 Nf6 4. dxe5 Nxe4 5. Bd3 Nc5 6. O-O dxe5 7. Nxe5 Nxd3
8. Nxd3 Be7 9. Bf4 O-O 10. Nc3 c6 11. Qf3 Be6 12. Rad1 Qb6 13. Qg3 Re8 14. Be5
Bf8 15. Nf4 Bf5 16. Nh5 Bg6 17. Ne4 Re6 18. Nhf6+ gxf6 19. Nxf6+ Rxf6 20. Bxf6
Na6 21. h4 Qc5 22. Rfe1 Qf5 23. Bc3 h5 24. Rd2 Nc5 25. f3 Ne6 26. Re5 Qf4 27.
Rxh5 Qe3+ 28. Kh2 Bg7 29. Bxg7 Nxg7 30. Qg5 Qe8 31. Rh6 Nf5 32. h5 Qe5+ 33. f4
1-0

[Event "Olimpiada Calviá 2004"]
[Site "Calviá ESP"]
[Date "2004.10.24"]
[Round "9.42"]
[White "Munoz, Lisandro"]
[Black "Juarez Flores, Gustavo E"]
[Result "1-0"]
[WhiteElo "2302"]
[BlackElo "2190"]
[PlyCount "113"]
[EventDate "2004.10.15"]
[EventType "team"]
[EventRounds "14"]
[EventCountry "ESP"]
[Source "lmi"]
[SourceDate "2004.10.27"]

1. e4 c5 2. Nf3 Nc6 3. Bb5 g6 4. d3 Bg7 5. Bxc6 dxc6 6. h3 e5 7. Nc3 Ne7 8. Be3
b6 9. Qd2 f6 10. Bh6 O-O 11. Nh2 Kh8 12. Bxg7+ Kxg7 13. f4 Qd6 14. fxe5 Qxe5
15. O-O-O Be6 16. Nf3 Qc7 17. Qe3 Rad8 18. Kb1 Nc8 19. g4 h6 20. Ne2 Bg8 21.
Nh4 Qf7 22. b3 Kh7 23. Rhg1 Nd6 24. Rdf1 Qe7 25. Rg2 Nb5 26. Nf3 c4 27. dxc4
Bxc4 28. bxc4 Na3+ 29. Kc1 Nxc4 30. Qc3 Qxe4 31. Ned4 b5 32. Re1 Qf4+ 33. Kb1
Rfe8 34. Rge2 Rxe2 35. Nxe2 Qxf3 36. Qxf3 Nd2+ 37. Kb2 Nxf3 38. Rf1 Ne5 39.
Rxf6 c5 40. Re6 Nc4+ 41. Kc3 Rf8 42. Kd3 Rf3+ 43. Ke4 Rxh3 44. Kd5 Re3 45. Rxe3
Nxe3+ 46. Kxc5 Nxc2 47. Kxb5 Ne3 48. g5 hxg5 49. Ka6 g4 50. Kxa7 Nf5 51. Kb6 g3
52. a4 g2 53. a5 Nd4 54. Ng1 g5 55. a6 g4 56. a7 Nf3 57. a8=Q 1-0

[Event "Olimpiada Calviá 2004"]
[Site "Calviá ESP"]
[Date "2004.10.24"]
[Round "9.43"]
[White "Rohl, Juan"]
[Black "Moussa, Alaa-Eddine"]
[Result "1-0"]
[WhiteElo "2401"]
[BlackElo "2188"]
[PlyCount "103"]
[EventDate "2004.10.15"]
[EventType "team"]
[EventRounds "14"]
[EventCountry "ESP"]
[Source "lmi"]
[SourceDate "2004.10.27"]

1. e4 c6 2. Nc3 d5 3. Nf3 Bg4 4. h3 Bxf3 5. Qxf3 e6 6. d4 Qb6 7. Bd3 Nd7 8. O-O
dxe4 9. Nxe4 Ngf6 10. Nxf6+ Nxf6 11. Be3 Qa5 12. c4 Bd6 13. a3 O-O 14. Rfb1
Rfe8 15. b4 Qh5 16. Qxh5 Nxh5 17. b5 Nf4 18. Bf1 e5 19. bxc6 bxc6 20. Rb7 exd4
21. Bxd4 Ne6 22. Bxa7 Re7 23. Rxe7 Bxe7 24. Be3 Rxa3 25. Rb1 Ra8 26. Be2 g6 27.
Bf3 Rc8 28. Rb6 c5 29. Bg4 Ra8 30. Bxe6 fxe6 31. Rxe6 Kf7 32. Re4 Ra1+ 33. Kh2
Ra2 34. Kg3 Rc2 35. Kf3 Bd6 36. h4 h5 37. g3 Be7 38. Bg5 Bd6 39. Ke3 Rc3+ 40.
Kd2 Rf3 41. Be3 Rf5 42. Kc2 Bf8 43. Kb3 Rf6 44. Rf4 Rxf4 45. Bxf4 Ke6 46. Ka4
Bg7 47. Be3 Bd4 48. Bxd4 cxd4 49. Kb3 Ke5 50. f3 Kd6 51. Kc2 Kc6 52. Kd3 1-0

[Event "Olimpiada Calviá 2004"]
[Site "Calviá ESP"]
[Date "2004.10.24"]
[Round "9.43"]
[White "Kayle, Charles"]
[Black "Prasca, Raphael"]
[Result "0-1"]
[WhiteElo "2036"]
[BlackElo "2396"]
[PlyCount "90"]
[EventDate "2004.10.15"]
[EventType "team"]
[EventRounds "14"]
[EventCountry "ESP"]
[Source "lmi"]
[SourceDate "2004.10.27"]

1. d4 d5 2. c4 c6 3. cxd5 cxd5 4. Nf3 Nc6 5. Bf4 Nf6 6. Nc3 a6 7. Rc1 Bf5 8. e3
e6 9. Qb3 Ra7 10. Be2 Be7 11. h3 O-O 12. O-O Na5 13. Qd1 b5 14. Ne5 Nd7 15. Bd3
Nxe5 16. Bxf5 Ng6 17. Bxg6 hxg6 18. Nb1 Qd7 19. Nd2 Rc8 20. Nf3 f6 21. Rxc8+
Qxc8 22. Qb1 Kf7 23. Rc1 Qd7 24. Qc2 Nc4 25. b3 Na3 26. Qd3 b4 27. g4 Nb5 28.
g5 Nc3 29. gxf6 gxf6 30. Kh2 Qb5 31. Qc2 Qe2 32. Ng1 Qh5 33. a4 Ra8 34. Kg2 g5
35. Bg3 f5 36. Qd3 Rg8 37. Kf1 f4 38. exf4 gxf4 39. Rxc3 bxc3 40. Bxf4 Rc8 41.
Nf3 c2 42. Ne5+ Ke8 43. Qxa6 c1=Q+ 44. Bxc1 Rxc1+ 45. Kg2 Qg5+ 0-1

[Event "Olimpiada Calviá 2004"]
[Site "Calviá ESP"]
[Date "2004.10.24"]
[Round "9.44"]
[White "Russell, M K A."]
[Black "Matamoros Franco, Carlos S"]
[Result "1/2-1/2"]
[WhiteElo "2221"]
[BlackElo "2513"]
[PlyCount "108"]
[EventDate "2004.10.15"]
[EventType "team"]
[EventRounds "14"]
[EventCountry "ESP"]
[Source "lmi"]
[SourceDate "2004.10.27"]

1. e4 e6 2. d4 d5 3. Nd2 c5 4. exd5 Qxd5 5. Ngf3 cxd4 6. Bc4 Qd6 7. O-O Nf6 8.
Re1 Nc6 9. Nb3 Bd7 10. Nfxd4 Nxd4 11. Qxd4 Rc8 12. Qxd6 Bxd6 13. Bd3 Ng4 14. g3
Bc6 15. Be4 Bxe4 16. Rxe4 Nf6 17. Re2 Nd5 18. c3 O-O 19. Be3 Nxe3 20. Rxe3 Rfd8
21. Rd3 Be7 22. Rad1 Rxd3 23. Rxd3 Rc7 24. f4 g5 25. Kg2 g4 26. h3 h5 27. hxg4
hxg4 28. Nd2 f5 29. Nb3 Kf7 30. Nd4 Rd7 31. Rd2 Bf6 32. Re2 Bxd4 33. Rd2 Ke7
34. cxd4 Rc7 35. Kf2 Kd6 36. Ke3 Rc1 37. d5 exd5 38. Kd4 Re1 39. Rh2 Re4+ 40.
Kd3 d4 41. Rh5 Ke6 42. Rh7 b6 43. Rxa7 Re3+ 44. Kxd4 Rxg3 45. Ra6 Rf3 46. Rxb6+
Kf7 47. Ke5 g3 48. Kxf5 g2 49. Rf6+ Ke7 50. Rg6 Rf2 51. b4 Rxa2 52. b5 Rb2 53.
b6 Rxb6 54. Rxg2 Kf7 1/2-1/2

[Event "Olimpiada Calviá 2004"]
[Site "Calviá ESP"]
[Date "2004.10.24"]
[Round "9.44"]
[White "Mieles Palau, Daniel"]
[Black "Weeramantry, Sunil"]
[Result "1-0"]
[WhiteElo "2486"]
[BlackElo "2231"]
[PlyCount "76"]
[EventDate "2004.10.15"]
[EventType "team"]
[EventRounds "14"]
[EventCountry "ESP"]
[Source "lmi"]
[SourceDate "2004.10.27"]

1. c4 Nf6 2. Nc3 g6 3. g3 Bg7 4. Bg2 d6 5. d4 O-O 6. e3 Nc6 7. Nge2 e5 8. O-O
Bd7 9. h3 Re8 10. d5 Nb8 11. Rb1 a5 12. b3 Na6 13. a3 Nc5 14. b4 axb4 15. axb4
Na4 16. Nxa4 Bxa4 17. Qd2 Bd7 18. Bb2 Bf5 19. Ra1 Ne4 20. Qc1 Rxa1 21. Bxa1 h5
22. f3 Ng5 23. h4 Nh7 24. Qc3 g5 25. e4 Bd7 26. hxg5 Qxg5 27. Bb2 Ra8 28. Qd3
Qg6 29. c5 Bf6 30. f4 Bg4 31. fxe5 Bxe5 32. Bxe5 dxe5 33. b5 Ng5 34. Nc1 Ra4
35. c6 bxc6 36. dxc6 Rd4 37. Qe3 h4 38. gxh4 Nxe4 1-0

[Event "Olimpiada Calviá 2004"]
[Site "Calviá ESP"]
[Date "2004.10.24"]
[Round "9.44"]
[White "Dissanayake, P R."]
[Black "Santos Flores, Alberto"]
[Result "1/2-1/2"]
[WhiteElo "2112"]
[BlackElo "2326"]
[PlyCount "99"]
[EventDate "2004.10.15"]
[EventType "team"]
[EventRounds "14"]
[EventCountry "ESP"]
[Source "lmi"]
[SourceDate "2004.10.27"]

1. e4 e6 2. d4 d5 3. Nd2 c5 4. exd5 Qxd5 5. Ngf3 cxd4 6. Bc4 Qd6 7. O-O Nf6 8.
Re1 Nc6 9. Nb3 a6 10. Nbxd4 Nxd4 11. Nxd4 Qc7 12. Qe2 Bd6 13. h3 O-O 14. Bg5
Bh2+ 15. Kh1 Bf4 16. Bxf4 Qxf4 17. Qe3 Qxe3 18. Rxe3 b5 19. Bb3 Bb7 20. c3 Rfd8
21. Ree1 b4 22. f3 bxc3 23. bxc3 Rac8 24. Rac1 Kf8 25. Red1 Ke7 26. Kg1 Nd7 27.
Kf2 g6 28. Ne2 Nc5 29. Rxd8 Rxd8 30. Rd1 Rxd1 31. Bxd1 Bd5 32. Nc1 e5 33. Bb3
Kd6 34. Ke3 f5 35. g4 f4+ 36. Ke2 e4 37. fxe4 Bxe4 38. Bc4 Bg2 39. h4 Ne4 40.
Nd3 f3+ 41. Ke3 Nxc3 42. Bxa6 Nd5+ 43. Kf2 Nf6 44. g5 Ng4+ 45. Kg3 Ne3 46. Ne1
Nf5+ 47. Kf2 Nxh4 48. Bb7 Nf5 49. Bxf3 Bxf3 50. Nxf3 1/2-1/2

[Event "Olimpiada Calviá 2004"]
[Site "Calviá ESP"]
[Date "2004.10.24"]
[Round "9.44"]
[White "Pazos Gambarrotti, Plinio"]
[Black "Edirisinghe, Dulan"]
[Result "1-0"]
[WhiteElo "2400"]
[BlackElo "2175"]
[PlyCount "61"]
[EventDate "2004.10.15"]
[EventType "team"]
[EventRounds "14"]
[EventCountry "ESP"]
[Source "lmi"]
[SourceDate "2004.10.27"]

1. d4 Nf6 2. c4 g6 3. Nc3 Bg7 4. e4 d6 5. Nge2 O-O 6. Ng3 e5 7. d5 c5 8. Be2
Na6 9. h4 h6 10. h5 g5 11. a3 Ne8 12. Bg4 Kh7 13. Bf5+ Bxf5 14. Nxf5 Bf6 15.
Qf3 Ng7 16. Nd1 Nc7 17. Nde3 Nce8 18. Nxh6 Kxh6 19. Ng4+ Kh7 20. h6 Ne6 21.
Qf5+ Kh8 22. dxe6 fxe6 23. Qxe6 Nc7 24. Qf5 Be7 25. Qg6 Rg8 26. Qf7 Qf8 27.
Qxf8 Raxf8 28. b4 Bf6 29. bxc5 dxc5 30. Bb2 Kh7 31. Rd1 1-0

[Event "Olimpiada Calviá 2004"]
[Site "Calviá ESP"]
[Date "2004.10.24"]
[Round "9.45"]
[White "Van Hoolandt, Patrick"]
[Black "Poulsen, Martin"]
[Result "0-1"]
[WhiteElo "2269"]
[BlackElo "2292"]
[PlyCount "74"]
[EventDate "2004.10.15"]
[EventType "team"]
[EventRounds "14"]
[EventCountry "ESP"]
[Source "lmi"]
[SourceDate "2004.10.27"]

1. c4 e6 2. Nf3 d5 3. b3 Be7 4. Bb2 Bf6 5. Nc3 Ne7 6. g4 h6 7. h3 c6 8. e3 e5
9. cxd5 cxd5 10. d4 e4 11. Nd2 Nbc6 12. Be2 Ng6 13. b4 Bh4 14. Qb3 Nce7 15.
Bb5+ Bd7 16. Bxd7+ Qxd7 17. Qa4 Qxa4 18. Nxa4 O-O 19. Ke2 f5 20. f4 exf3+ 21.
Nxf3 f4 22. Nc5 fxe3 23. Nxh4 Rf2+ 24. Kxe3 Rxb2 25. Nd3 Rc2 26. Nf3 Re8 27.
Nfe5 Nc6 28. Rhc1 Rc4 29. Rxc4 dxc4 30. Nc5 Ngxe5 31. dxe5 Rxe5+ 32. Kd2 b5 33.
Na6 Nd4 34. Kc3 Nf3 35. a4 Re3+ 36. Kc2 Nd4+ 37. Kd1 Rd3+ 0-1

[Event "Olimpiada Calviá 2004"]
[Site "Calviá ESP"]
[Date "2004.10.24"]
[Round "9.45"]
[White "Simonsen, Hans Kristian"]
[Black "Gentilleau, Jean-Philippe"]
[Result "1/2-1/2"]
[WhiteElo "2293"]
[BlackElo "2256"]
[PlyCount "103"]
[EventDate "2004.10.15"]
[EventType "team"]
[EventRounds "14"]
[EventCountry "ESP"]
[Source "lmi"]
[SourceDate "2004.10.27"]

1. Nf3 Nf6 2. g3 g6 3. Bg2 Bg7 4. O-O O-O 5. c4 d6 6. d4 c6 7. Nc3 Bf5 8. Nh4
Be6 9. d5 cxd5 10. cxd5 Bd7 11. Qb3 Qb6 12. Qxb6 axb6 13. Nf3 b5 14. Nd4 b4 15.
Nd1 Nxd5 16. Nc2 Bc6 17. Bxd5 Bxd5 18. Nxb4 Bc4 19. Re1 Na6 20. Nc2 Nc5 21. Nb4
Ra4 22. Bd2 Be6 23. Bc3 Bxc3 24. bxc3 Ne4 25. Nb2 Ra5 26. Rec1 Rc8 27. Nd1 Rac5
28. Nd3 Nxc3 29. Kf1 R5c7 30. Nxc3 Rxc3 31. Rxc3 Rxc3 32. Rb1 Bd5 33. Ke1 Be4
34. Kd2 Rc7 35. Rc1 Rxc1 36. Nxc1 Kf8 37. Ke3 Bd5 38. Kd4 e6 39. g4 h6 40. h4
f6 41. f4 Bc6 42. e4 e5+ 43. Ke3 d5 44. fxe5 fxe5 45. exd5 Bxd5 46. Nd3 Bxa2
47. Nxe5 Kg7 48. g5 hxg5 49. hxg5 Bb1 50. Kd4 Kf8 51. Kc5 Ke7 52. Kb6 1/2-1/2

[Event "Olimpiada Calviá 2004"]
[Site "Calviá ESP"]
[Date "2004.10.24"]
[Round "9.45"]
[White "Calabrese, Antonino"]
[Black "Rodgaard, John"]
[Result "0-1"]
[WhiteElo "2038"]
[BlackElo "2310"]
[PlyCount "60"]
[EventDate "2004.10.15"]
[EventType "team"]
[EventRounds "14"]
[EventCountry "ESP"]
[Source "lmi"]
[SourceDate "2004.10.27"]

1. e4 c5 2. Nf3 e6 3. d4 cxd4 4. Nxd4 a6 5. Be3 Nf6 6. Nd2 Qc7 7. Be2 d5 8. Bf3
e5 9. N4b3 Be6 10. c3 Be7 11. O-O Nbd7 12. Re1 h6 13. Qe2 O-O 14. Rad1 Rfd8 15.
h3 Rac8 16. g4 Nf8 17. Bg2 Ng6 18. Qf3 a5 19. Nc1 d4 20. cxd4 exd4 21. Ndb3
dxe3 22. Qxe3 Bb4 23. Nd2 Qf4 24. Re2 Qxe3 25. fxe3 Bxd2 26. Rexd2 Rxd2 27.
Rxd2 Rxc1+ 28. Kf2 Ne5 29. b3 g5 30. Bf1 Nxe4+ 0-1

[Event "Olimpiada Calviá 2004"]
[Site "Calviá ESP"]
[Date "2004.10.24"]
[Round "9.45"]
[White "Samuelsen, Carl Eli Nolsoe"]
[Black "Lebel-Arias, Julia"]
[Result "1-0"]
[WhiteElo "2225"]
[BlackElo "1986"]
[PlyCount "55"]
[EventDate "2004.10.15"]
[EventType "team"]
[EventRounds "14"]
[EventCountry "ESP"]
[Source "lmi"]
[SourceDate "2004.10.27"]

1. e4 g6 2. d4 Bg7 3. Nc3 c6 4. Be3 b5 5. Qd2 a6 6. h4 h5 7. Bd3 d5 8. e5 Nh6
9. a4 b4 10. Nce2 a5 11. Ng3 Ng4 12. Bg5 Qb6 13. c3 c5 14. f3 Nh6 15. N1e2 c4
16. Bc2 b3 17. Bb1 e6 18. Nf4 Nc6 19. Ngxh5 gxh5 20. Nxh5 Nf5 21. Nxg7+ Nxg7
22. Bf6 Ba6 23. Bxg7 Rg8 24. Bf6 Kd7 25. h5 Rg3 26. h6 Rag8 27. h7 Rxg2 28.
hxg8=Q 1-0

[Event "Olimpiada Calviá 2004"]
[Site "Calviá ESP"]
[Date "2004.10.24"]
[Round "9.46"]
[White "Evans-Quek, Suan-Shiau"]
[Black "Pace, Colin"]
[Result "1-0"]
[WhiteElo "2293"]
[BlackElo "2145"]
[PlyCount "79"]
[EventDate "2004.10.15"]
[EventType "team"]
[EventRounds "14"]
[EventCountry "ESP"]
[Source "lmi"]
[SourceDate "2004.10.27"]

1. g3 g6 2. Bg2 Bg7 3. d4 d6 4. e4 Nf6 5. Nc3 O-O 6. Nge2 Nbd7 7. O-O c5 8. h3
Rb8 9. a4 b6 10. Be3 cxd4 11. Bxd4 Bb7 12. Nd5 e6 13. Nxf6+ Bxf6 14. Nc3 a6 15.
Bxf6 Nxf6 16. Qd4 d5 17. e5 Nd7 18. Rfe1 Qc7 19. Rad1 Bc6 20. h4 h5 21. Rd2 b5
22. axb5 Bxb5 23. Nxb5 axb5 24. Qf4 Kg7 25. Bf1 Qc5 26. Be2 Qe7 27. Kg2 Rfc8
28. Rh1 Rh8 29. Ra1 Qc5 30. Ra6 Qc7 31. Rd6 Rb6 32. Qd4 Rhb8 33. Rd3 b4 34. g4
hxg4 35. Bxg4 Rh8 36. Rxd7 Qxd7 37. Qxb6 Rxh4 38. Qxb4 Qc7 39. Qf4 Kg8 40. Rf3
1-0